Yakko's World Countries - Statistics

General Stats
  • This quiz has been taken 29 times
  • The average score is 61 of 133
Answers on the Map
Answers color-coded by a green-red scale on the quiz's map according to % correct below.
 
Answer Stats
Answer % Correct
United States
100%
Brazil
91%
Canada
91%
Cuba
91%
Mexico
91%
Peru
91%
Haiti
82%
Jamaica
82%
Panama
82%
Bahamas
73%
Dominican Republic
73%
Belize
64%
Bolivia
64%
China
64%
Colombia
64%
Costa Rica
64%
Ecuador
64%
El Salvador
64%
Guyana
64%
Honduras
64%
India
64%
Nicaragua
64%
Russia
64%
Suriname
64%
Argentina
55%
Australia
55%
Chile
55%
Denmark
55%
Finland
55%
France
55%
Guatemala
55%
Iceland
55%
Italy
55%
Japan
55%
Paraguay
55%
Sweden
55%
Uruguay
55%
Venezuela
55%
Afghanistan
45%
Algeria
45%
Austria
45%
Bahrain
45%
Bangladesh
45%
Barbados
45%
Belgium
45%
Bhutan
45%
Bulgaria
45%
Cambodia
45%
Germany
45%
Ghana
45%
Greece
45%
Hungary
45%
Indonesia
45%
Iran
45%
Iraq
45%
Ireland
45%
Israel
45%
Jordan
45%
Kuwait
45%
Laos
45%
Lebanon
45%
Mali
45%
Mauritania
45%
Mongolia
45%
Morocco
45%
New Zealand
45%
Norway
45%
Oman
45%
Pakistan
45%
Poland
45%
Portugal
45%
Romania
45%
Saudi Arabia
45%
Spain
45%
Sudan
45%
Switzerland
45%
Syria
45%
Taiwan
45%
Tunisia
45%
Turkey
45%
Vietnam
45%
Albania
36%
Angola
36%
Benin
36%
Botswana
36%
Chad
36%
Cyprus
36%
Egypt
36%
Eswatini
36%
Ethiopia
36%
Fiji
36%
Gambia
36%
Guinea
36%
Liberia
36%
Libya
36%
Liechtenstein
36%
Luxembourg
36%
Malaysia
36%
Monaco
36%
Mozambique
36%
Myanmar
36%
Nepal
36%
Netherlands
36%
Papua New Guinea
36%
Philippines
36%
Qatar
36%
Somalia
36%
Sri Lanka
36%
Tanzania
36%
Thailand
36%
Uganda
36%
Burundi
27%
Cameroon
27%
Democratic Republic of the Congo
27%
Djibouti
27%
Gabon
27%
Guinea-Bissau
27%
Kenya
27%
Lesotho
27%
Malta
27%
Niger
27%
Nigeria
27%
Rwanda
27%
Senegal
27%
Sierra Leone
27%
Togo
27%
Trinidad and Tobago
27%
Zambia
27%
Zimbabwe
27%
Madagascar
18%
Malawi
18%
Namibia
18%
Republic of the Congo
18%
No matching quizzes found
Score Distribution
Percent of People with Each Score
Percentile by Number Answered
Your Score History
You have not taken this quiz